Normal view
MARC view
- نوفل،يوسف يونس ، تقديم: احمد عبد الغفار ، محمد مختار البديوي
Entry Personal Name
001 - CONTROL NUMBER
- control field: 8517
003 - CONTROL NUMBER IDENTIFIER
- control field: JO-AjAnu
005 - DATE AND TIME OF LATEST TRANSACTION
- control field: 20230606071655.0
008 - FIXED-LENGTH DATA ELEMENTS
- fixed length control field: 230606|| aca||aabn | a|a d
040 ## - CATALOGING SOURCE
- Original cataloging agency: JO-AjAnu
- Transcribing agency: JO-AjAnu
100 ## - HEADING--PERSONAL NAME
- Personal name: نوفل،يوسف يونس ، تقديم: احمد عبد الغفار ، محمد مختار البديوي
670 ## - SOURCE DATA FOUND
- Source citation: Work cat.: (JO-AjAnu)4397: نوفل،يوسف يونس ، تقديم: احمد عبد الغفار ، محمد مختار البديوي, author, البيئة الحيوانية : ثروة غذائية مملكة ربانية